000 00544nam a22001937a 4500
003 OSt
005 20160818130129.0
008 160818b xxu||||| |||| 00| 0 eng d
020 _a1931777489
040 _cDDC.
082 _a004DAV 2003.
100 _aDavis,K.Charles;
_910766
245 _aTechnologies& Methodologies For Evaluating Information Technology In Business.
260 _aUSA
_bIRM Press.
_c2003.
300 _aXii,244p;
_bill;
_c26cm.
504 _aIncludes References and Index.
650 _aIT.
_910504
942 _2ddc
_cO_SHELF
999 _c5024
_d5024